• 首页
  • 本馆介绍
  • 公告通知
  • 最新文献
  • 馆藏检索
  • 电子资源
  • 读者导购
  • 参考咨询
  • 我的图书馆
  • 登录
  • 详细信息显示
  • 放入我的书架
  • 预约/预借图书
  • 作者相关作品
  • 分类相关作品
  • 丛书相关作品
  • 出版社相关作品

书目信息

  • 表格格式
  • 工作单格式
  • 卡片格式
题名:
警徽在废墟上闪光
    
 
作者: 曾文友 著
分册:  
出版信息: 北京   警官教育出版社  1993
页数: 137页
开本: 19cm
丛书名:
单 册:
中图分类: I253 , D632.5 , I25
科图分类:
主题词: 报告文学--中国--现代 , 抗震--救灾--唐山--1976--参考资料 , 抗震--救灾
电子资源:
ISBN: 7-81027-203-9
000 00908nam0 2200277 450
001 1539474792
005 20150119110054.15
010    @a7-81027-203-9@dCNY3.20
100    @a20021005d1993 em y0chiy0110 ea
101 0  @achi
102    @aCN@b110000
105    @af z 000zy
200 1  @a警徽在废墟上闪光@9jing hui zai fei xu shang shan guang@f曾文友等著
210    @a北京@c警官教育出版社@d1993
215    @a137页@c照片@d19cm
314    @a曾文友,河北丰润县人,唐山警校副校长,中国公文写作研究会、中国高校秘书学会会员,河北省中专政教研究会理事
330    @a本书以纪实的笔法,记述了人民警察在唐山大地震中抢险救灾、保卫民众的事迹。
606 0  @a报告文学@y中国@z现代
606 0  @a抗震@x救灾@y唐山@z1976@x参考资料
606 0  @a抗震@x救灾
690    @aI253@v5
690    @aD632.5@v5
690    @aI25@v4
701  0 @a曾文友@9zeng wen you@4著
801  0 @aCN@bTSSF@c20150115
905    @aZUCC@dI25@eJY301
    
    警徽在废墟上闪光/曾文友等著.-北京:警官教育出版社,1993
    137页:照片;19cm
    
    
    ISBN 7-81027-203-9:CNY3.20
    本书以纪实的笔法,记述了人民警察在唐山大地震中抢险救灾、保卫民众的事迹。
●
相关链接 在E读中查询图书 在五车中查询图书 在当当中查询图书 在豆瓣中查询图书


正题名:警徽在废墟上闪光     索取号:I25/JY301         预约/预借

序号 登录号 条形码 馆藏地/架位号 状态 备注
1 7843053   278430538   学院路分馆/ [索取号:I25/JY301] 在馆    
2 7843054   278430547   学院路分馆/ [索取号:I25/JY301] 在馆    
3 7843055   278430556   学院路分馆/ [索取号:I25/JY301] 在馆    
4 7843056   278430565   学院路分馆/ [索取号:I25/JY301] 在馆    
唐山师范学院图书馆 欢迎您!
大连网信软件有限公司© 版权所有